| 000 | 01597nam a2200337 c 4500 | ||
|---|---|---|---|
| 003 | BLK | ||
| 005 | 20230406130035.0 | ||
| 008 | 180411b bul|||||r ||||||| ||bul|| | ||
| 010 | _aKNG00191143000 | ||
| 040 | _aBLK | ||
| 041 |
_aBUL _cBUL |
||
| 080 |
_aФизическа география _b911.2 _x(075.8)(21) _z911.2(075.8)(21) |
||
| 100 | 1 |
_aГловня, Мартин Франсоа _d1919-1966 _gГеограф _eпърви автор _954430 |
|
| 700 | 1 |
_aБлагоева, Екатерина Н. _eсъавт. _9342858 |
|
| 139 |
_aГловня, Мартин Франсоа _bГ 55 |
||
| 245 | 1 | 0 |
_aФизическа география на континентите _bУчебник за студентите от СУ Климент Охридски _cМартин Франсоа Гловня; съавт. Екатерина Н. Благоева. |
| 250 | _a3. стер. изд. | ||
| 257 | _aBGR | ||
| 260 |
_аСофия _bУнив. изд. Климент Охридски _c1989 |
||
| 300 |
_a568 с. _bс ил., к., диагр. _c22 см |
||
| 380 | _a91 | ||
| 500 | _a1. изд. 1967 с авт. Мартин Гловня ; Предходните изд. са на изд. Наука и изкуство. - Кн. е деп. 1991 г. - 3 085 тир. - Библиогр. с. 559-563. | ||
| 650 | 4 |
_aФизическа география _9283035 |
|
| 653 | _aфизическа география | ||
| 653 | _aучебници за ВУЗ | ||
| 852 | _aЦб 166170 | ||
| 856 | 4 |
_qpdf _u |
|
| 856 | 4 |
_qpdf _u |
|
| 942 |
_cKNG _n0 _08 |
||
| 944 |
_aCR _c29.09.2016 _kКина_Георгиева |
||
| 944 |
_aED _c29.09.2016 _kКина_Георгиева |
||
| 999 |
_c182220 _d182220 |
||